Statistiques concernant Personnages célèbres - Série 11

Cliquez ici pour prendre le quiz!

Statistiques générales

  • Ce quiz a été pris 203 fois
  • Le résultat moyen est 8 sur 15

Statistiques - réponses

Réponse% Correct
Stéphane Bern
89%
Christophe Maé
82%
Florent Pagny
80%
Marc Lavoine
76%
Josiane Balasko
72%
Gilbert Montagné
66%
Lambert Wilson
62%
Hélène Ségara
58%
Jean Ferrat
54%
Michel Serrault
45%
David Bowie
44%
Jean Jacques Rousseau
43%
Michèle Torr
34%
Stendhal
17%
Marie France Pisier
14%

Distribution des résultats

Percentile par nombre de réponses

% des personnes avec chaque résultat

Votre développement - résultats

Vous n’avez pas pris ce quiz